=LDR 00000nam 2200000 4500 =001 INLIS000000000006355 =005 20130612094510 =008 ***********************************Ind** =035 ##$$0010-061300000006355 =041 ##$$a Ind =082 ##$$a 149.3 =090 ##$$a 149.3, Sop m =100 ##$$a SOPATER, Sularso =245 ##$$a Mengenal pokok-pokok ajaran Pangestu, Sularso Sopater. -- =260 ##$$a 1987 $b Jakarta =300 ##$$a 167 hlm, 20 cm =650 ##$$a Mistik =850 ##$$a NBPNMAT